<?xml version="1.0" encoding="UTF-8"?>
<record
    xmlns:xsi="http://www.w3.org/2001/XMLSchema-instance"
    xsi:schemaLocation="http://www.loc.gov/MARC21/slim http://www.loc.gov/standards/marcxml/schema/MARC21slim.xsd"
    xmlns="http://www.loc.gov/MARC21/slim">

  <leader>01135nam a2200277 a 4500</leader>
  <datafield tag="999" ind1=" " ind2=" ">
    <subfield code="c">7445</subfield>
    <subfield code="d">7445</subfield>
  </datafield>
  <controlfield tag="001">991010854459706706</controlfield>
  <controlfield tag="003">OSt</controlfield>
  <controlfield tag="005">20211126125701.0</controlfield>
  <controlfield tag="008">940609s1987    spc||||||    o000 ||cat|c</controlfield>
  <datafield tag="016" ind1=" " ind2=" ">
    <subfield code="a">DL B.12704-1987</subfield>
  </datafield>
  <datafield tag="035" ind1=" " ind2=" ">
    <subfield code="a">(ES-BaCBU)b27594051-34csuc_network</subfield>
  </datafield>
  <datafield tag="035" ind1=" " ind2=" ">
    <subfield code="a">(ES-BaCBU).b27594051</subfield>
  </datafield>
  <datafield tag="035" ind1=" " ind2=" ">
    <subfield code="a">(ccuc001)b27594051</subfield>
  </datafield>
  <datafield tag="040" ind1=" " ind2=" ">
    <subfield code="a">ES-BaCBU</subfield>
    <subfield code="b">cat</subfield>
    <subfield code="c">ES-BaCBU</subfield>
    <subfield code="d">CDMR</subfield>
  </datafield>
  <datafield tag="080" ind1=" " ind2=" ">
    <subfield code="a">070 (460.235 PeA St Sadurn&#xED; d' Anoia) "1887/1987"</subfield>
  </datafield>
  <datafield tag="100" ind1="1" ind2=" ">
    <subfield code="a">Querol i Rovira, Carles</subfield>
  </datafield>
  <datafield tag="245" ind1="1" ind2="0">
    <subfield code="a">Un segle de premsa :</subfield>
    <subfield code="b">Sant Sadurn&#xED; d' Anoia : 1887-1987 /</subfield>
    <subfield code="c">Carles Querol i Rovira</subfield>
  </datafield>
  <datafield tag="260" ind1=" " ind2=" ">
    <subfield code="a">Sant Sadurn&#xED; d' Anoia :</subfield>
    <subfield code="b">Conselleria d' Ensenyament i Cultura de l 'Ajuntament de Sant Sadurn&#xED; d' Anoia,</subfield>
    <subfield code="c">1987</subfield>
  </datafield>
  <datafield tag="300" ind1=" " ind2=" ">
    <subfield code="a">127 p. :</subfield>
    <subfield code="b">il.;</subfield>
    <subfield code="c">28 cm</subfield>
  </datafield>
  <datafield tag="490" ind1=" " ind2=" ">
    <subfield code="a">Publicacions de l'Ajuntament de Sant Sadurn&#xED; d'Anoia; </subfield>
    <subfield code="v">7</subfield>
  </datafield>
  <datafield tag="650" ind1=" " ind2="0">
    <subfield code="9">1545</subfield>
    <subfield code="a">Premsa</subfield>
    <subfield code="z">Sant Sadurn&#xED; d'Anoia</subfield>
    <subfield code="x">Hist&#xF2;ria</subfield>
    <subfield code="y">1887-1987</subfield>
  </datafield>
  <datafield tag="710" ind1="1" ind2=" ">
    <subfield code="a">Sant Sadurn&#xED; d'Anoia (Catalunya).</subfield>
    <subfield code="b">Ajuntament.</subfield>
    <subfield code="b">Conselleria d' Ensenyament i Cultura</subfield>
  </datafield>
  <datafield tag="907" ind1=" " ind2=" ">
    <subfield code="a">.b27594051</subfield>
    <subfield code="b">24-03-20</subfield>
    <subfield code="c">08-05-08</subfield>
    <subfield code="d">09-06-94</subfield>
    <subfield code="e">m</subfield>
    <subfield code="f">a</subfield>
    <subfield code="g">-</subfield>
    <subfield code="h">cat</subfield>
    <subfield code="i">spc</subfield>
    <subfield code="j">0</subfield>
    <subfield code="k">1</subfield>
  </datafield>
  <datafield tag="908" ind1=" " ind2=" ">
    <subfield code="a">AHCB</subfield>
  </datafield>
  <datafield tag="942" ind1=" " ind2=" ">
    <subfield code="2">udc</subfield>
    <subfield code="c">MON</subfield>
  </datafield>
  <datafield tag="952" ind1=" " ind2=" ">
    <subfield code="0">0</subfield>
    <subfield code="1">0</subfield>
    <subfield code="4">0</subfield>
    <subfield code="7">0</subfield>
    <subfield code="a">CDMR</subfield>
    <subfield code="b">CDMR</subfield>
    <subfield code="d">2021-11-26</subfield>
    <subfield code="e">Donaci&#xF3;</subfield>
    <subfield code="g">12.00</subfield>
    <subfield code="l">0</subfield>
    <subfield code="o">Du 8/45</subfield>
    <subfield code="p">CDMR21110061</subfield>
    <subfield code="r">2021-11-26</subfield>
    <subfield code="w">2021-11-26</subfield>
    <subfield code="y">MON</subfield>
  </datafield>
</record>
